00993 2200337 4500001002100000005001500021035002000036007000300056008004100059020002200100040002200122082001600144084001700160090002100177090002200198100003600220245010200256250003100358300002500389650001700414700002900431850001200460041000800472264003500480336002100515337003000536338002300566999002200589990002200611990002200633INLIS00000000084579820191128022021 a0010-0419000657ta190411s2009 yoi g ind d a978-979-17606-9-0 aYOPDYOGbinderda04223a297.577 a929.44 BEN k aDEP 929.44 BEN k aCB-D.11 2009-20860 aBen Fathoni el-Khaliliepenulis10aKoleksi 4600 nama anak muslim modern /cpenulis, Ben Fathoni el-Khalili; penyunting, Nur Chasanah aCetakan pertama: Juni 2009 a148 halaman ;c21 cm 0aNama pribadi0 aNur Chasanahepenyunting aYOPDYOG0 aind31aYogyakarta :bDATAMEDIA,c2009 2rdacontentateks 2rdamediaatanpa perantara 2rdacarrieravolume aCB-D.11/2009-2086 aCB-D.11/2009-2086 aCB-D.11/2009-2086